[Event "13th Summer Open"]
[Site "Recklinghausen GER"]
[Date "2002.08.19"]
[Round "2"]
[White "Mueller,Mart"]
[Black "Kummerow,H"]
[Result "1/2-1/2"]
[WhiteElo "2109"]
[BlackElo "2263"]

1.d4 Nf6 2.Nf3 g6 3.c4 Bg7 4.Nc3 O-O 5.e4 d6 6.Be2 e5 7.O-O Nc6 8.d5 Ne7
9.Ne1 Nd7 10.Be3 f5 11.f3 f4 12.Bf2 g5 13.a4 a5 14.Nd3 b6 15.b4 axb4 16.Nxb4 Nc5
17.a5 Rxa5 18.Rxa5 bxa5 19.Bxc5 axb4 20.Bxb4 c5 21.Bxc5 dxc5 22.d6 Ng6 23.Qd5+ Rf7
24.Qxc5 Nf8 25.Qa3 Ne6 26.c5 Nd4 27.Bc4 Be6 28.Bxe6 Nxe6 29.Nd5 Bf8 30.Rc1 Nd4
31.Qa2 Kg7 32.Nc7 Qd7 33.Ra1 Kf6 34.Qa8 Kg6 35.Qd5 Kf6 36.Ra8 Nc6 37.Re8 Kg7
38.Ne6+ Kg8 39.Ra8 h6 40.h4 g4 41.fxg4 f3 42.g5 f2+ 43.Kf1 Nd8 44.Nf4 Qb5+
45.Kxf2 Qb2+ 46.Ke1 Qc1+ 47.Ke2 Qxf4 48.Rxd8 Kh7 49.d7 Qf1+ 50.Ke3 Qc1+ 51.Kd3 Qa3+
52.Kc4 Qa6+ 53.Kb4 Qb6+ 54.Kc4 Qa6+ 55.Kb4 Qb6+ 56.Kc4 Qa6+  1/2-1/2

[Event "Open"]
[Site "Birstonas LIT"]
[Date "2002.08.20"]
[Round "4"]
[White "Grabliauskas,V"]
[Black "Turauskiene,R"]
[Result "1-0"]
[WhiteElo "2449"]
[BlackElo "2194"]

1.d4 Nf6 2.c4 g6 3.Nc3 Bg7 4.e4 d6 5.Nf3 O-O 6.Be2 e5 7.O-O Nc6 8.d5 Ne7
9.Ne1 Ne8 10.Be3 f5 11.f3 c5 12.dxc6 bxc6 13.Qa4 Be6 14.Rd1 Qc7 15.Qa3 Rb8
16.Rd2 Rb7 17.b4 Nf6 18.b5 Nc8 19.Nc2 fxe4 20.Nxe4 Nxe4 21.fxe4 Rxf1+ 22.Bxf1 cxb5
23.cxb5 Bc4 24.Qa4 Bxf1 25.Kxf1 Qc3 26.Ke2 Bf8 27.Rd3 Qc7 28.Qb3+ Qf7 29.a4 Be7
30.Qc3 Qe6 31.Qc6 Qd7 32.Qxd7 Rxd7 33.Rc3 Nb6 34.Bxb6 axb6 35.Nb4 Kf7 36.Nd5 Ra7
37.a5  1-0

[Event "13th Summer Open"]
[Site "Recklinghausen GER"]
[Date "2002.08.20"]
[Round "3"]
[White "Halasz,T"]
[Black "Tomic,Bo"]
[Result "1-0"]
[WhiteElo "2386"]
[BlackElo "2182"]

1.d4 Nf6 2.Nf3 g6 3.c4 Bg7 4.Nc3 O-O 5.e4 d6 6.Be2 e5 7.O-O Nc6 8.d5 Ne7
9.b4 c6 10.Ne1 a5 11.bxa5 Rxa5 12.Nd3 b5 13.dxc6 bxc4 14.Nb2 d5 15.exd5 Nfxd5
16.Nxd5 Rxd5 17.Qc2 Nxc6 18.Bxc4 Nd4 19.Qd1 Rd6 20.Be3 Bb7 21.Bxd4 Rxd4 22.Qb3 Ba8
23.Rad1 Qg5 24.f3 e4 25.fxe4 Bxe4 26.Bxf7+ Kh8 27.Qg3 Rxd1 28.Nxd1 Qc5+ 29.Kh1 Qd5
30.Ne3 Rxf7 31.Qb8+ Bf8 32.Qxf8+ Rxf8 33.Rxf8+ Kg7 34.Nxd5 Kxf8 35.Nf6 Bb1
36.a4  1-0

[Event "Open"]
[Site "Birstonas LIT"]
[Date "2002.08.21"]
[Round "5"]
[White "Korchagin,O"]
[Black "Dzjuba,V"]
[Result "1/2-1/2"]
[WhiteElo "2166"]
[BlackElo "2283"]

1.d4 Nf6 2.c4 g6 3.Nc3 Bg7 4.e4 d6 5.Nf3 O-O 6.Be2 e5 7.O-O Nc6 8.d5 Ne7
9.b4 a5 10.bxa5 Rxa5 11.Nd2 c5 12.a4 Ra6 13.Ra3 h6 14.Nb5 Nd7 15.Bg4 f5 16.exf5 gxf5
17.Bh3 Ng6 18.g3 Nf6 19.f4 exf4 20.gxf4 Ng4 21.Qc2 Nh4 22.Nf3 Bd7 23.Kh1  1/2-1/2

[Event "Open"]
[Site "Nikea GRE"]
[Date "2002.08.21"]
[Round "3"]
[White "Kazantzidis,P"]
[Black "Dochev,D"]
[Result "0-1"]
[WhiteElo "2125"]
[BlackElo "2391"]

1.d4 Nf6 2.c4 g6 3.Nc3 d6 4.e4 Bg7 5.Nf3 O-O 6.Be2 e5 7.O-O Nc6 8.d5 Ne7
9.Ne1 Nd7 10.f3 f5 11.g4 Kh8 12.Be3 Ng8 13.Nd3 Ngf6 14.c5 Nxc5 15.Nxc5 dxc5
16.Bxc5 Rf7 17.h3 Ne8 18.Kg2 Nd6 19.Be3 Bd7 20.Qc2 Qe7 21.b4 Raf8 22.a4 h5
23.Nb5 fxe4 24.Qxc7 exf3+ 25.Rxf3 Rxf3 26.Bxf3 Nxb5 27.axb5 e4 28.Be2 Bxa1
29.Bc5 Qd8 30.Qxb7 Rf7 31.Qxa7 Be5 32.d6 hxg4 33.Bxg4 Qh4 34.Bf2 Qxf2+ 35.Qxf2 Rxf2+
36.Kxf2 Bxg4 37.hxg4 Bxd6 38.b6 Bxb4 39.b7 Bd6 40.Ke3 Kg7  0-1

[Event "XIV Open"]
[Site "Porto San Giorgio ITA"]
[Date "2002.08.21"]
[Round "2"]
[White "Arlandi,E"]
[Black "De Poi,P"]
[Result "1-0"]
[WhiteElo "2454"]
[BlackElo "2219"]

1.d4 Nf6 2.c4 g6 3.Nc3 Bg7 4.e4 d6 5.Nf3 O-O 6.Be2 e5 7.O-O Nc6 8.d5 Ne7
9.Nd2 Nd7 10.b4 f5 11.c5 dxc5 12.bxc5 Nxc5 13.f3 fxe4 14.fxe4 Rxf1+ 15.Bxf1 Nd7
16.Nc4 Nb6 17.Be3 Nxc4 18.Bxc4 Kh8 19.Qb3 a6 20.Be2 b6 21.Rd1 Qd6 22.Bc1 b5
23.Ba3 Qb6+ 24.Kh1 Ng8 25.d6 cxd6 26.Bxd6 Bb7 27.Ba3 Nf6 28.Bf3 Rc8 29.Na4 Qa5
30.Nc5 Ba8 31.h3 Rd8 32.Rc1 Qb6 33.Ne6 Re8 34.Nc7 Rc8 35.Nxa8 Rxa8 36.Qf7 b4
37.Rc7 Rg8 38.Bb2 Ne8 39.Re7 Nd6 40.Qd5 Qd8  1-0

[Event "XIV Open"]
[Site "Porto San Giorgio ITA"]
[Date "2002.08.24"]
[Round "5"]
[White "Farago,I"]
[Black "Safranska,A"]
[Result "1-0"]
[WhiteElo "2502"]
[BlackElo "2309"]

1.d4 Nf6 2.c4 g6 3.Nc3 Bg7 4.e4 d6 5.Be2 O-O 6.Nf3 e5 7.O-O Nc6 8.d5 Ne7
9.b4 a5 10.Ba3 axb4 11.Bxb4 Nd7 12.a4 Bh6 13.a5 f5 14.Bd3 Nf6 15.Bc2 fxe4
16.Nxe4 Nxe4 17.Bxe4 Bf5 18.Re1 Rf6 19.Qb3 Kh8 20.Bc3 Rb8 21.c5 Bxe4 22.Rxe4 Nc8
23.a6 b5 24.a7 Ra8 25.Qxb5 Rxa7 26.Rxa7 Nxa7 27.Qb7 Rxf3 28.gxf3 Qg5+ 29.Rg4 Qc1+
30.Kg2 Qxc3 31.Qb8+ Kg7 32.Qxc7+ Kg8 33.cxd6  1-0

[Event "Ron Banwell"]
[Site "Coulsdon ENG"]
[Date "2002.08.25"]
[Round "9"]
[White "Summerscale,A"]
[Black "Snape,I"]
[Result "1-0"]
[WhiteElo "2509"]
[BlackElo "2202"]

1.d4 Nf6 2.c4 g6 3.Nc3 Bg7 4.e4 d6 5.Nf3 O-O 6.Be2 e5 7.O-O Nc6 8.d5 Ne7
9.Ne1 Nd7 10.Be3 f5 11.f3 f4 12.Bf2 g5 13.a4 a6 14.a5 Rf6 15.Na4 Rh6 16.c5 Qe8
17.Kh1 Qh5 18.Bg1 Nf6 19.cxd6 cxd6 20.Nb6 Qh4 21.Nxc8 Rxc8 22.h3 Nh5 23.Bf2 Ng3+
24.Kg1 Rf6 25.Nd3 Rff8 26.Re1 Qh6 27.Qa4 Nxe2+ 28.Rxe2 Qf6 29.Rc1 Rxc1+ 30.Nxc1 Ng6
31.Rc2 Rf7 32.Bb6 Bf8 33.Nd3 h5 34.Nf2 Nh4 35.Qe8 Kg7 36.Qc8 Ng6 37.Bc7 Be7
38.Qxb7 Bd8 39.Qc8 Bxc7 40.Rxc7 Rxc7 41.Qxc7+ Kh6 42.b4 g4 43.hxg4 Qh4 44.gxh5  1-0

[Event "XIV Open"]
[Site "Porto San Giorgio ITA"]
[Date "2002.08.25"]
[Round "6"]
[White "Arlandi,E"]
[Black "Zufic,M"]
[Result "1-0"]
[WhiteElo "2454"]
[BlackElo "2349"]

1.d4 Nf6 2.c4 g6 3.Nc3 Bg7 4.e4 d6 5.Nf3 O-O 6.Be2 e5 7.O-O Nc6 8.d5 Ne7
9.Nd2 c5 10.dxc6 bxc6 11.b4 a6 12.a4 Nh5 13.Bxh5 gxh5 14.Qxh5 f5 15.Rd1 Be6
16.Ba3 Rf6 17.Qe2 f4 18.Nf3 Bg4 19.c5 d5 20.exd5 cxd5 21.Qa2 Qc8 22.Nxd5 Nxd5
23.Qxd5+ Be6 24.Qe4 Bf5 25.Qxe5 Rg6 26.Qxf4 Rg4 27.Qe3 Bxa1 28.Rxa1 Qc6 29.Bb2 Be4
30.h3 Rg6 31.Nh4 Bxg2 32.Nxg6 Qxg6 33.Kh2 Kf7 34.Qf4+ Ke8 35.Rg1  1-0

[Event "GM"]
[Site "Rostock GER"]
[Date "2002.08.27"]
[Round "3"]
[White "Stern,R"]
[Black "Lanka,Z"]
[Result "0-1"]
[WhiteElo "2461"]
[BlackElo "2504"]

1.d4 Nf6 2.c4 g6 3.Nc3 Bg7 4.e4 d6 5.Nf3 O-O 6.Be2 e5 7.O-O Nc6 8.d5 Ne7
9.b4 a5 10.bxa5 c5 11.a4 Rxa5 12.Ra3 Ra6 13.Re1 Kh8 14.Qc2 Ne8 15.Nb5 Ng8
16.Bf1 f6 17.g3 Nh6 18.Bg2 Nf7 19.Bd2 Bd7 20.Rb1 f5 21.Nc3 b6 22.exf5 gxf5
23.Nh4 e4 24.f3 Bd4+ 25.Kh1 e3 26.Be1 f4 27.Ne2 fxg3 28.hxg3 Bf6 29.Nf5 Ng7
30.Nxe3 Qe8 31.f4 Nh6 32.Bf3 Rxa4 33.Rxa4 Qxe3 34.Kg2 Bh3+ 35.Kxh3 Qxf3 36.Ng1 Qh5+
37.Kg2 Ng4 38.Qd2 Bd4 39.Nh3 Ne3+  0-1

[Event "ch-RUS"]
[Site "Krasnodar RUS"]
[Date "2002.08.31"]
[Round "5"]
[White "Malinin,Y"]
[Black "Diu,V"]
[Result "0-1"]
[WhiteElo "2412"]
[BlackElo "2451"]

1.d4 Nf6 2.c4 g6 3.Nc3 Bg7 4.e4 d6 5.Nf3 O-O 6.Be2 e5 7.O-O Nc6 8.d5 Ne7
9.b4 c6 10.Nd2 a5 11.bxa5 Qxa5 12.Qc2 c5 13.a4 Qd8 14.Nb3 Nd7 15.Nb5 Ra6
16.Bd2 f5 17.f3 Kh8 18.Nc1 Nf6 19.Nc3 Neg8 20.Bd3 f4 21.Be2 h5 22.Nd1 g5
23.h3 Nh6 24.Nf2 Rg8 25.Ra3 Bf8 26.Be1 b6 27.Ncd3 g4 28.fxg4 hxg4 29.hxg4 Nfxg4
30.Nxg4 Nxg4 31.Nxf4 exf4 32.Rh3+ Kg7 33.e5 Rh8 34.e6 Rxh3 35.Bxg4 Re3 36.Bd2 Ra7
37.Bxe3 fxe3 38.Qf5 Kg8 39.Bh5 Rh7 40.Bg6 Rg7 41.Rf3 Be7 42.Rxe3 Bh4 43.Bf7+ Kh8
44.Rh3 Rh7 45.e7 Bxf5  0-1

[Event "21st NAO"]
[Site "Las Vegas USA"]
[Date "2002.09.02"]
[Round "10"]
[White "Grancea,M"]
[Black "Kamberi,S"]
[Result "0-1"]
[WhiteElo "2082"]
[BlackElo "2298"]

1.d4 Nf6 2.c4 g6 3.Nc3 Bg7 4.e4 d6 5.Be2 O-O 6.Nf3 e5 7.O-O Nc6 8.d5 Ne7
9.Ne1 Nd7 10.Be3 f5 11.f3 f4 12.Bf2 g5 13.Rc1 Ng6 14.c5 Nxc5 15.b4 Na6 16.Qb3 h5
17.Nb5 b6 18.Nc2 g4 19.Kh1 g3 20.Bg1 gxh2 21.Bxh2 Bf6 22.g3 fxg3 23.Bxg3 Bg5
24.Ne3 Bf4 25.Bf2 Qd7 26.Nf5 Rxf5 27.Nxc7 Nxc7 28.Rxc7 Qxc7 29.exf5 Bxf5  0-1

[Event "FSIMB Sept"]
[Site "Budapest HUN"]
[Date "2002.09.07"]
[Round "1"]
[White "Gonda,L"]
[Black "Kahn,E"]
[Result "1-0"]
[WhiteElo "2309"]
[BlackElo "2355"]

1.d4 Nf6 2.Nf3 g6 3.c4 Bg7 4.Nc3 O-O 5.e4 d6 6.Be2 e5 7.O-O Nc6 8.d5 Ne7
9.Bg5 Nd7 10.Nd2 f6 11.Be3 f5 12.f3 f4 13.Bf2 Nf6 14.c5 g5 15.Nc4 Ne8 16.cxd6 cxd6
17.Nb5 b6 18.a4 Ng6 19.a5 bxa5 20.Nxa7 g4 21.fxg4 Ba6 22.b3 Qg5 23.Rxa5 Bxc4
24.bxc4 Nf6 25.Bf3 Rf7 26.Nc6 Rxa5 27.Nxa5 Bf8 28.Nc6 Nh4 29.Bxh4 Qxh4 30.Qe1 Qxe1
31.Rxe1 Rb7 32.Ra1 Nd7 33.g5 Nc5 34.h4 h6 35.g6 Kg7 36.h5 Kf6 37.Ra8 Bg7
38.Rd8 Kg5 39.Rb8 Rxb8 40.Nxb8 Nb3 41.Nc6 Kf6 42.Kf2 Nd2 43.Na5 Kg5 44.Ke2 Nxf3
45.Kxf3 Kxh5 46.Nb7 Kxg6 47.Nxd6  1-0

[Event "FSIMA Sept"]
[Site "Budapest HUN"]
[Date "2002.09.08"]
[Round "2"]
[White "Hammes,M"]
[Black "Farago,S"]
[Result "1/2-1/2"]
[WhiteElo "2377"]
[BlackElo "2252"]

1.d4 Nf6 2.c4 g6 3.Nc3 Bg7 4.e4 d6 5.Be2 O-O 6.Nf3 e5 7.O-O Nc6 8.d5 Ne7
9.Nd2 c5 10.a3 Ne8 11.b4 b6 12.Qc2 f5  1/2-1/2

[Event "5th Pyramiden-Franken Cup"]
[Site "Fuerth GER"]
[Date "2002.09.08"]
[Round "9"]
[White "Doettling,F"]
[Black "Hillarp Persson,T"]
[Result "0-1"]
[WhiteElo "2527"]
[BlackElo "2461"]

1.d4 g6 2.c4 Bg7 3.Nc3 d6 4.Nf3 Nf6 5.e4 O-O 6.Be2 e5 7.O-O Nc6 8.d5 Ne7
9.b4 a5 10.Ba3 Nh5 11.c5 axb4 12.Bxb4 Nf4 13.Nd2 dxc5 14.Bxc5 b6 15.Bb4 Bb7
16.Bc4 Re8 17.Qb3 Qd7 18.Nf3 Nxg2 19.Nb5 Nf4 20.Kh1 Nc8 21.Rac1 Nd6 22.Nxd6 cxd6
23.Bd2 Qh3 24.Rg1 Ba6 25.Bxa6 Rxa6 26.Rg3 Qd7 27.Rc6 Rea8 28.Rxb6 Rxb6 29.Qxb6 Rxa2
30.Bxf4 exf4 31.Rg1 h6  0-1

[Event "Poyntner Mem GM"]
[Site "St Poelten AUT"]
[Date "2002.09.13"]
[Round "9"]
[White "Ganaus,H"]
[Black "Van der Weide,K"]
[Result "0-1"]
[WhiteElo "2357"]
[BlackElo "2403"]

1.d4 Nf6 2.c4 g6 3.Nc3 Bg7 4.e4 d6 5.Nf3 O-O 6.Be2 e5 7.O-O Nc6 8.d5 Ne7
9.Kh1 Kh8 10.a4 a5 11.Ra3 Nd7 12.g4 f5 13.gxf5 gxf5 14.Ng5 Nf6 15.Bh5 fxe4
16.Ne6 Bxe6 17.dxe6 Nxh5 18.Qxh5 Qe8 19.Qxe8 Raxe8 20.Nxe4 Nf5 21.Rh3 h6
22.Bd2 b6 23.b4 axb4 24.Bxb4 Rxe6 25.a5 bxa5 26.Bxa5 c6 27.Rb1 d5 28.Nc5 Rg6
29.cxd5 cxd5 30.Nd7 Rf7 31.Rb8+ Kh7 32.Nc5 Nd4 33.Rb2 e4 34.Ra2 Be5 35.Nb3 Rf3  0-1

[Event "TCh-CRO"]
[Site "Medulin CRO"]
[Date "2002.09.14"]
[Round "6"]
[White "Cebalo,M"]
[Black "Krstic,U"]
[Result "1-0"]
[WhiteElo "2548"]
[BlackElo "2420"]

1.d4 d6 2.Nf3 Nf6 3.c4 g6 4.Nc3 Bg7 5.e4 O-O 6.Be2 e5 7.O-O Nc6 8.Be3 h6
9.d5 Ne7 10.Ne1 c5 11.Nd3 g5 12.b4 b6 13.bxc5 bxc5 14.Rb1 Ng6 15.Qa4 Nf4
16.Rfe1 Ne8 17.Nxc5 dxc5 18.Bxc5 Bd7 19.Qa3 Qc8 20.Bf1 Nf6 21.Bd6 Re8 22.c5 a6
23.c6 Bxc6 24.dxc6 Qxc6 25.Rec1 Qd7 26.Na4 Rad8 27.Bc7 Bf8 28.Qb3 Ne6 29.Bxd8 Rxd8
30.Nb6 Qa7 31.Nd5 Ng4 32.Qf3 h5 33.h3 Nd4 34.Qg3 Rxd5 35.exd5 Nf5 36.Qf3 Nh4
37.Qe2  1-0

[Event "Poyntner Mem IM"]
[Site "St Poelten AUT"]
[Date "2002.09.14"]
[Round "8"]
[White "Buss,R"]
[Black "Neumeier,K"]
[Result "1/2-1/2"]
[WhiteElo "2270"]
[BlackElo "2332"]

1.d4 Nf6 2.c4 g6 3.Nc3 Bg7 4.e4 d6 5.Nf3 O-O 6.Be2 e5 7.O-O Nc6 8.d5 Ne7
9.b4 Nh5 10.Re1 f5 11.Ng5 Nf4 12.Bxf4 exf4 13.Rc1 a5 14.a3 axb4 15.axb4 Bf6
16.Ne6 Bxe6 17.dxe6 Bxc3 18.Rxc3 fxe4 19.Bg4 h5 20.Bxh5 Rf5 21.Bg4 Re5 22.h3 Qf8
23.Qb1 Qf6 24.Rb3 e3 25.fxe3 Rxe3 26.Rbxe3 fxe3 27.Rf1 Qd4 28.Qd1 Nc6 29.Qxd4 Nxd4
30.e7 e2 31.Re1 Re8 32.Bxe2 Rxe7 33.Kf2 Rf7+ 34.Kg3 Nf5+ 35.Kf2 Nd4+ 36.Kg3 Re7
37.Kf2 Kg7 38.Bd3 Rf7+ 39.Ke3 Nc6 40.b5 Ne5 41.Kd4 Rf2 42.Be4 Rf4 43.c5 Nf7
44.Ke3 Rf6 45.Bxb7 Re6+ 46.Kd2 Rxe1 47.Kxe1 dxc5 48.Kd2 Nd6 49.Bc6 Kf6 50.Kd3 Ke5
51.Kc3 Kf4 52.Kd3 g5 53.Bd7 Kg3 54.Bc6 Kf2 55.Kc3 Ke3 56.Bd7 Nf7 57.Bc6 Ne5
58.Bd5 Kf4 59.Bb7 Kg3 60.Kb3 Kf4 61.Kc3 Kf5 62.Bd5 Kf6 63.Bb7 Ke7 64.Bd5 Kd6
65.Be4 Nd7 66.Bf3 Nb6 67.Be4 Ke5  1/2-1/2

[Event "Autumn I"]
[Site "Alushta UKR"]
[Date "2002.09.15"]
[Round "1"]
[White "Nikitin,An"]
[Black "Kurnosov,I"]
[Result "0-1"]
[WhiteElo "2471"]
[BlackElo "2433"]

1.d4 Nf6 2.c4 g6 3.Nc3 Bg7 4.e4 O-O 5.Nf3 d6 6.Be2 e5 7.O-O Nc6 8.d5 Ne7
9.Ne1 Ne8 10.Be3 f5 11.f3 f4 12.Bf2 h5 13.a4 g5 14.c5 Ng6 15.cxd6 Nxd6 16.Nd3 Rf7
17.Nb5 a6 18.Nxd6 cxd6 19.a5 Bf6 20.Bb6 Qe8 21.Nf2 Rg7 22.Rc1 Nf8 23.h3 Bd8
24.Qb3 Nd7 25.Bxd8 Qxd8 26.Qb4 Nc5 27.Qa3 g4 28.fxg4 hxg4 29.hxg4 Rh7 30.Rc3 b5
31.Rfc1 b4 32.Qxb4 Rb7 33.Qa3 Rab8 34.Rxc5 dxc5 35.Qxc5 Rxb2 36.Bc4 Rb1 37.d6+ Kh7
38.Rxb1 Rxb1+ 39.Bf1 Bd7 40.Nd3 Bb5 41.Qc7+ Qd7 42.Qxd7+ Bxd7 43.Kf2 Rb5
44.Nxf4 Rb2+ 45.Ne2 Rd2 46.Ke3 Rxd6 47.Nc3 Bxg4 48.Nd5 Bc8 49.Nb6 Bb7 50.Nc4 Re6
51.g3 Kg7 52.Bh3 Re7 53.Nd6 Kf6 54.Kd3 Bc6 55.Kc4 Rc7 56.Kb4 Bd7 57.Bf1 Ke6
58.Nf5 Bb5 59.Bh3 Rc4+ 60.Kb3 Rxe4 61.Nd4+ Kd6  0-1

[Event "Autumn I"]
[Site "Alushta UKR"]
[Date "2002.09.16"]
[Round "3"]
[White "Selin,O"]
[Black "Kurnosov,I"]
[Result "1-0"]
[WhiteElo "2432"]
[BlackElo "2433"]

1.d4 Nf6 2.c4 g6 3.Nc3 Bg7 4.e4 O-O 5.Nf3 d6 6.Be2 e5 7.O-O Nc6 8.d5 Ne7
9.Nd2 a5 10.a3 Nd7 11.Rb1 f5 12.b4 Kh8 13.f3 Ng8 14.Qc2 Ngf6 15.Bd3 f4 16.Nb5 b6
17.c5 bxc5 18.bxc5 Nxc5 19.a4 Rg8 20.Ba3 Nfd7 21.Nb3 Bf8 22.Bc4 Rg7 23.Be2 g5
24.Rfd1 Be7 25.Qd2 g4 26.Nxa5 Nf6 27.Nc6 Qg8 28.Bxc5 dxc5 29.Nxc7 Rxa4 30.d6 Bf8
31.Qc2 gxf3 32.Bxf3 Bg4 33.Nxe5 Bxf3 34.Nxf3 Ng4 35.Qxa4 Ne3 36.Qa1 Qc4 37.Rd2 Kg8
38.Kh1 Qxe4 39.Rg1 Nf5 40.Re1  1-0

[Event "VI Pablo Gorbea Mem"]
[Site "Madrid ESP"]
[Date "2002.09.18"]
[Round "3"]
[White "Pogorelov,R"]
[Black "Anton Veiga,J"]
[Result "1-0"]
[WhiteElo "2453"]
[BlackElo "2183"]

1.Nf3 Nf6 2.c4 g6 3.Nc3 Bg7 4.e4 d6 5.d4 O-O 6.Be2 e5 7.O-O Nc6 8.d5 Ne7
9.Ne1 Ne8 10.Be3 f5 11.f3 f4 12.Bf2 g5 13.c5 Rf6 14.a4 Rg6 15.cxd6 cxd6 16.a5 Nf6
17.Nb5 g4 18.fxg4 Bxg4 19.Bxa7 Bxe2 20.Qxe2 Nc8 21.Bf2 Rxa5 22.Nf3 Ng4 23.b4 Rxa1
24.Rxa1 Nxf2 25.Qxf2 Qd7 26.Qe2 Bf8 27.Rc1 Rg7 28.Nc7 Ne7 29.Ne6 Rf7 30.Rc7 Qa4
31.Nfg5 Rf6 32.Rxb7 f3 33.Nxf3 Ng6 34.g3 Bh6 35.Kg2 Qb3 36.h4 Be3 37.h5 Nf8
38.Rb8 h6 39.Nh4 Rf2+ 40.Qxf2 Bxf2 41.Rxf8+ Kh7 42.Rf7+ Kg8 43.Rg7+ Kh8 44.Ng6+  1-0

[Event "Autumn I"]
[Site "Alushta UKR"]
[Date "2002.09.21"]
[Round "10"]
[White "Nikitin,An"]
[Black "Solovjov,S"]
[Result "0-1"]
[WhiteElo "2471"]
[BlackElo "2457"]

1.d4 Nf6 2.c4 g6 3.Nc3 Bg7 4.e4 d6 5.Be2 O-O 6.Nf3 e5 7.O-O Nc6 8.d5 Ne7
9.Ne1 Nd7 10.Be3 f5 11.f3 f4 12.Bf2 g5 13.a4 a5 14.Nd3 b6 15.b4 axb4 16.Nb5 Nf6
17.Be1 g4 18.fxg4 Nxe4 19.Bxb4 Ng6 20.a5 Nc5 21.Nxc5 bxc5 22.Bc3 e4 23.Bxg7 Kxg7
24.Qc2 Qe7 25.Qc3+ Ne5 26.Rae1 Kg8 27.Bd1 e3 28.g3 Bxg4 29.Bxg4 Nxg4 30.Rxf4 Rxf4
31.gxf4 Qe4 32.h3 Qxf4 33.hxg4 Qg3+ 34.Kh1 Re8 35.Re2 Qf3+ 36.Rg2 Qf1+ 37.Kh2 e2  0-1

[Event "ECC"]
[Site "Halkidiki GRE"]
[Date "2002.09.22"]
[Round "1"]
[White "Rama,L"]
[Black "Nedev,T"]
[Result "0-1"]
[WhiteElo "2348"]
[BlackElo "2476"]

1.d4 Nf6 2.c4 g6 3.Nc3 Bg7 4.e4 O-O 5.Nf3 d6 6.Be2 e5 7.O-O Nc6 8.d5 Ne7
9.b4 Nh5 10.Re1 f5 11.Ng5 Nf6 12.Bf3 c6 13.b5 cxd5 14.cxd5 h6 15.Ne6 Bxe6
16.dxe6 Rc8 17.Qb3 d5 18.Nxd5 Nfxd5 19.exd5 e4 20.d6 Rc3 21.Ba3 Rxb3 22.axb3 Qa5
23.dxe7 Re8 24.Be2 Bxa1 25.Rxa1 Rxe7 26.Bc4 f4 27.Bb2 Qd2 28.Bf6 Re8 29.e7+ Kh7
30.Bf7 Rxe7 31.Bxe7 e3 32.fxe3 Qxe3+ 33.Kh1 Qxe7 34.Bc4 g5 35.h3 Qe3 36.Rd1 h5
37.Rd7+ Kh6 38.Rd6+ Kg7 39.Rd7+ Kf6 40.Rd6+ Ke7 41.Rd3 Qe1+ 42.Kh2 g4 43.hxg4 hxg4
44.Bd5 Qe2  0-1

[Event "ECC"]
[Site "Halkidiki GRE"]
[Date "2002.09.23"]
[Round "2"]
[White "Lampen,T"]
[Black "Rama,L"]
[Result "0-1"]
[WhiteElo "2315"]
[BlackElo "2348"]

1.d4 Nf6 2.Nf3 g6 3.c4 Bg7 4.Nc3 O-O 5.e4 d6 6.Be2 e5 7.O-O Nc6 8.d5 Ne7
9.b4 Nh5 10.Re1 f5 11.Ng5 Nf6 12.Bf3 c6 13.Be3 h6 14.Ne6 Bxe6 15.dxe6 fxe4
16.Nxe4 Nxe4 17.Bxe4 d5 18.Bc5 dxe4 19.Qxd8 Rfxd8 20.Bxe7 Re8 21.Bd6 Rxe6
22.Rad1 e3 23.fxe3 e4 24.Bc5 Bc3 25.Rf1 b6 26.Bd4 Bxb4 27.Bb2 Rf8 28.Rd7 Rxf1+
29.Kxf1 Rd6 30.Rg7+ Kf8 31.Be5 Rd1+ 32.Ke2 Rd2+ 33.Kf1 Bc5 34.Rxg6 Bxe3 35.Rg4 Rf2+
36.Ke1 Rxa2 37.Rxe4 Bc5 38.g4 b5 39.cxb5 cxb5 40.Kd1 b4 41.Rc4 Be7 42.Kc1 a5
43.Kb1 Re2 44.Bf4 Re1+ 45.Kc2 a4 46.Bxh6+ Kf7 47.Bd2 b3+ 48.Kb2 Bf6+ 49.Bc3 Re2+
50.Kb1 a3 51.Rf4 Re1+ 52.Bxe1 a2+  0-1

[Event "VI Pablo Gorbea Mem"]
[Site "Madrid ESP"]
[Date "2002.09.23"]
[Round "8"]
[White "Vilela,JL"]
[Black "Komljenovic,D"]
[Result "1-0"]
[WhiteElo "2355"]
[BlackElo "2459"]

1.d4 Nf6 2.c4 g6 3.Nc3 Bg7 4.e4 d6 5.Nf3 O-O 6.Be2 e5 7.O-O Nc6 8.d5 Ne7
9.b4 Nh5 10.c5 h6 11.Re1 Nf4 12.Bf1 g5 13.Nd2 f5 14.g3 Neg6 15.gxf4 exf4
16.Bb2 g4 17.Na4 f3 18.Bxg7 Kxg7 19.exf5 Bxf5 20.Ne4 Bxe4 21.Qd4+ Ne5 22.Rxe4 Qg5
23.cxd6 cxd6 24.Nc5 dxc5 25.Qxe5+ Qxe5 26.Rxe5 cxb4 27.Re4 h5 28.Rxb4 b6
29.Rc1 Rad8 30.Rd4 Rd6 31.Rc7+ Rf7 32.Rxf7+ Kxf7 33.h3 Kf6 34.hxg4 Ke5 35.Ra4 hxg4
36.Rxg4 Kxd5 37.Rf4 Rg6+ 38.Kh2 Rh6+ 39.Kg3 Rh1 40.Bc4+ Kc5 41.Kxf3 b5 42.Be6 Rb1
43.Re4 a5 44.Kg4 b4 45.f4 a4 46.f5 b3 47.axb3 axb3 48.Bxb3 Rxb3 49.f6 Kd5
50.Re8 Rb7 51.Kf5 Rb1 52.Rd8+ Kc6 53.f7 Rf1+ 54.Kg6 Rg1+ 55.Kh5 Rh1+ 56.Kg4 Rg1+
57.Kh3  1-0

[Event "ECC"]
[Site "Halkidiki GRE"]
[Date "2002.09.26"]
[Round "5"]
[White "Mertanen,J"]
[Black "Filipek,J"]
[Result "1-0"]
[WhiteElo "2241"]
[BlackElo "2373"]

1.d4 Nf6 2.c4 g6 3.Nc3 Bg7 4.e4 O-O 5.Nf3 d6 6.Be2 e5 7.O-O Nc6 8.d5 Ne7
9.b4 a5 10.Ba3 Nd7 11.bxa5 Rxa5 12.Bb4 Ra8 13.a4 Bh6 14.a5 f5 15.Nd2 Nf6
16.c5 Bxd2 17.Qxd2 Nxe4 18.Nxe4 fxe4 19.Bc3 dxc5 20.Bc4 Qd6 21.Rae1 Nf5 22.Rxe4 Nd4
23.Rfe1 Rf5 24.f4 Rxf4 25.Rxe5 Rf8 26.R5e4 b5 27.Rxd4 bxc4 28.Rde4 Bd7 29.Re7 Rf7
30.Rxf7 Kxf7 31.Qh6 Rg8 32.Qxh7+ Kf8 33.Bd2 g5 34.Rf1+  1-0

[Event "ECC"]
[Site "Halkidiki GRE"]
[Date "2002.09.27"]
[Round "6"]
[White "Zlotnik,B"]
[Black "Nevednichy,V"]
[Result "1/2-1/2"]
[WhiteElo "2423"]
[BlackElo "2537"]

1.d4 Nf6 2.c4 g6 3.Nc3 Bg7 4.Nf3 O-O 5.e4 d6 6.Be2 e5 7.O-O Nc6 8.d5 Ne7
9.b4 Nh5 10.Re1 c6 11.Nd2 Nf4 12.Bf1 g5 13.Rb1 g4 14.Rb3 Kh8 15.Bb2 a5 16.bxa5 Rxa5
17.Qb1 f5 18.dxc6 bxc6 19.Rb8 Qc7 20.Ba1 h6 21.exf5 Nxf5 22.Nd1 Nd4 23.Ne3 Qa7
24.Rb2 d5 25.Rb8 Rxa2 26.Bc3 Rxd2 27.Bxd2 Nh3+ 28.gxh3 Nf3+ 29.Kh1 Nxd2 30.Qb6 Qxb6
31.Rxb6 gxh3 32.Rxc6 dxc4 33.Rxc8 Rxc8 34.Bxh3 Rd8 35.Rc1 Rd4 36.Be6 Rf4
37.Kg2 Bf8 38.Nxc4  1/2-1/2

[Event "Autumn III"]
[Site "Alushta UKR"]
[Date "2002.09.28"]
[Round "3"]
[White "Arbakov,V"]
[Black "Selin,O"]
[Result "1/2-1/2"]
[WhiteElo "2445"]
[BlackElo "2432"]

1.d4 Nf6 2.c4 g6 3.Nc3 Bg7 4.e4 d6 5.Nf3 O-O 6.Be2 e5 7.O-O Nc6 8.d5 Ne7
9.Ne1 Nd7 10.Nd3 f5 11.Bd2 Nf6 12.f3 f4 13.c5 g5 14.Rc1 Ng6 15.cxd6 cxd6
16.Nf2 Rf7 17.a4 h5 18.h3 Bf8 19.Nb5 Nh4 20.a5 Rg7 21.Bb4 g4 22.fxg4 hxg4
23.hxg4 Nh5 24.Nc7 Nxg2 25.Kxg2 f3+ 26.Bxf3 Nf4+ 27.Kg3 Nh5+  1/2-1/2

[Event "Autumn III"]
[Site "Alushta UKR"]
[Date "2002.09.29"]
[Round "4"]
[White "Nikitin,An"]
[Black "Inarkiev,E"]
[Result "0-1"]
[WhiteElo "2471"]
[BlackElo "2545"]

1.d4 Nf6 2.Nf3 g6 3.c4 Bg7 4.Nc3 O-O 5.e4 d6 6.Be2 e5 7.O-O Nc6 8.d5 Ne7
9.Ne1 Nd7 10.Be3 f5 11.f3 f4 12.Bf2 g5 13.a4 a6 14.a5 Ng6 15.Nd3 Nf6 16.c5 Kh8
17.cxd6 cxd6 18.Na4 g4 19.Nb6 Rb8 20.Nxc8 Rxc8 21.Bb6 Qd7 22.Qd2 Nh4 23.Rfc1 Bh6
24.Qe1 Bg5 25.Rxc8 Rxc8 26.Rc1 Rg8 27.Rc7 Qe8 28.Kh1 Nxg2 29.Qf1 Nh4 30.Rxb7 Qg6  0-1

[Event "Eu Rapid Ch"]
[Site "Panormo GRE"]
[Date "2002.09.30"]
[Round "5"]
[White "Sakaev,K"]
[Black "Smirnov,P"]
[Result "1/2-1/2"]
[WhiteElo "2647"]
[BlackElo "2539"]

1.d4 Nf6 2.c4 g6 3.Nc3 Bg7 4.e4 d6 5.Nf3 O-O 6.Be2 e5 7.O-O Nc6 8.d5 Ne7
9.Nd2 a5 10.a3 Nd7 11.Rb1 f5 12.b4 Kh8 13.f3 Ng8 14.Qc2 Ngf6 15.Bd3 f4 16.Bb2 h5
17.c5 dxc5 18.bxc5 Nxc5 19.Be2 b6 20.Nc4 Nfd7 21.Nd1 Ba6 22.Nf2 Qe7 23.Rfd1  1/2-1/2

[Event "11th Monarch Assurance"]
[Site "Port Erin IOM"]
[Date "2002.10.01"]
[Round "4"]
[White "Epishin,V"]
[Black "Palliser,R"]
[Result "1-0"]
[WhiteElo "2643"]
[BlackElo "2441"]

1.d4 Nf6 2.c4 g6 3.Nc3 Bg7 4.e4 d6 5.Nf3 O-O 6.Be2 e5 7.O-O Nc6 8.d5 Ne7
9.b4 Nh5 10.Qc2 a5 11.bxa5 Rxa5 12.Re1 c5 13.Rb1 h6 14.Rb3 f5 15.exf5 Nxf5
16.Ne4 Nf6 17.Bd3 Nxe4 18.Bxe4 g5 19.h3 Ra6 20.Qe2 Qf6 21.Bb1 Rf7 22.Bb2 Qd8
23.Bc3 Nd4 24.Bxd4 cxd4 25.Nd2 Rb6 26.Ne4 Rxb3 27.axb3 Qb6 28.Bd3 Bf5 29.Ng3 Bxd3
30.Qxd3 Qa5 31.Rd1 Qc3 32.Qxc3 dxc3 33.Ne4 b5 34.cxb5 c2 35.Rc1 Rb7 36.Nxd6 Rd7
37.Nf5  1-0

[Event "11th Monarch Assurance"]
[Site "Port Erin IOM"]
[Date "2002.10.02"]
[Round "5"]
[White "Orr,M"]
[Black "Hebden,M"]
[Result "1/2-1/2"]
[WhiteElo "2332"]
[BlackElo "2534"]

1.d4 Nf6 2.Nf3 g6 3.c4 Bg7 4.Nc3 O-O 5.e4 d6 6.Be2 e5 7.O-O Nc6 8.d5 Ne7
9.Bg5 Kh8 10.b4 Neg8 11.c5 h6 12.Bxf6 Nxf6 13.Nd2 Ne8 14.Bb5 f5 15.Bxe8 Rxe8
16.a4 f4 17.c6 Rf8 18.Ra3 h5 19.b5 Qe8 20.cxb7 Bxb7 21.f3 g5 22.h3 Bc8 23.Kf2 Rf6
24.Ke2 Rh6 25.Rh1 Qg6 26.Kd3 Bd7 27.Qb3 g4 28.hxg4 hxg4 29.Rxh6+ Qxh6 30.Qd1 Qh2
31.Qe2 a6 32.Nc4 Qg1 33.Kc2 Bf6 34.bxa6 Rxa6 35.a5 Bc8 36.Nd2 Qc5 37.Ra1 Ra8
38.Nb3 Qa7 39.fxg4 Kg7 40.Rh1 Bg5 41.Qf3 Bd7 42.Qh3 Qf2+ 43.Kb1 Rb8 44.Qh7+ Kf6
45.Rh6+ Bxh6 46.Qxh6+ Ke7 47.Qg5+ Kf7 48.Qh5+  1/2-1/2